书目信息 |
| 题名: |
电路分析学习指导及习题精解
|
|
| 作者: | 高岩 , 杜普选 , 闻跃 编著 | |
| 分册: | ||
| 出版信息: | 北京 清华大学出版社 2005.02 |
|
| 页数: | 364页 | |
| 开本: | 23cm | |
| 丛书名: | ||
| 单 册: | ||
| 中图分类: | TN711.1 | |
| 科图分类: | ||
| 主题词: | 电路分析--高等学校--教学参考资料 , 电路分析 , 网络电路 | |
| 电子资源: | ||
| ISBN: | 7-81082-380-9 | |
| 000 | 01076nam0 2200277 450 | |
| 001 | 5264 | |
| 005 | 20181014163214.58 | |
| 010 | @a7-81082-380-9@dCNY29.00 | |
| 100 | @a20030908d2005 em y0chiy50 ea | |
| 101 | 0 | @achi |
| 102 | @aCN@b110000 | |
| 105 | @ay zq 000yy | |
| 200 | 1 | @a电路分析学习指导及习题精解@9dian lu fen xi xue xi zhi dao ji xi ti jing jie@f高岩,杜普选,闻跃编著 |
| 210 | @a北京@c清华大学出版社@c北京交通大学出版社@d2005.02 | |
| 215 | @a364页@d23cm | |
| 300 | @a国家电工电子教学基地系列教材《基础电路分析》、北京市高等教育精品教材立项项目《现代电路分析》配套教材 国家电工电子教学基地系列教材 | |
| 330 | @a本书包括基本概念、电路变量的约束关系、线性电路分析方法、动态电路的时域分析、正弦稳态电路的变换分析、基础电路分析习题解答。 | |
| 606 | 0 | @a电路分析@x高等学校@j教学参考资料 |
| 606 | 0 | @a电路分析 |
| 606 | 0 | @a网络电路 |
| 690 | @aTN711.1@v4 | |
| 701 | 0 | @a高岩@9gao yan@c(电路分析)@4编著 |
| 701 | 0 | @a杜普选@9du pu xuan@4编著 |
| 701 | 0 | @a闻跃@9wen yue@c(电工电子)@4编著 |
| 801 | 0 | @aCN@b91MARC@c20130904 |
| 905 | @aMuseLib@dTN711.1@e357 | |
| 电路分析学习指导及习题精解/高岩,杜普选,闻跃编著.-北京:清华大学出版社:北京交通大学出版社,2005.02 |
| 364页;23cm |
| 国家电工电子教学基地系列教材《基础电路分析》、北京市高等教育精品教材立项项目《现代电路分析》配套教材 国家电工电子教学基地系列教材 |
| ISBN 7-81082-380-9:CNY29.00 |
| 本书包括基本概念、电路变量的约束关系、线性电路分析方法、动态电路的时域分析、正弦稳态电路的变换分析、基础电路分析习题解答。 |
| ● |
| 相关链接 |
|
|
|
|
正题名:电路分析学习指导及习题精解
索取号:TN711.1/357
 
预约/预借
| 序号 | 登录号 | 条形码 | 馆藏地/架位号 | 状态 | 备注 |
| 1 | 1128914 | 211289149 | 第二样本阅览室/ [索取号:TN711.1/357] | 在馆 | |
| 2 | 1128915 | 211289158 | 第三借阅区/ [索取号:TN711.1/357] | 在馆 | |
| 3 | 1128916 | 211289167 | 第三借阅区/ [索取号:TN711.1/357] | 在馆 | |
| 4 | 1128917 | 211289176 | 第三借阅区/ [索取号:TN711.1/357] | 在馆 | |
| 5 | 1128918 | 211289185 | 密集书库-物理学院/ [索取号:TN711.1/357] | 在馆 |